000
00439nam a2200145Ia 4500
008
090124s9999 xx 000 0 und d
082
_b
400292
245
_a
मनोरंजक कथा
250
_a
1
260
_b
"काटकर मा.गो.,मा.निमखेडकर व इतर"
_c
1978
300
_a
50
630
_a
मनोरंजक कथा
730
_a
मनोरंजक कथा
942
_c
BOOK
999
_c
196213
_d
196213